000 00523nam a2200217Ia 4500
003 OSt
005 20221005131044.0
006 a|||||r|||| 00| 0
007 ta
008 221004b |||||||| |||| 00| 0 eng d
024 _a120110
037 _cTextual
040 _aCRL
_cCRL
_beng
041 _2eng
_aeng
100 _aTaylor J herhest
_9639063
245 0 _aSelected Papers on moleealar genetics
260 _c1965
650 _aHISTORY
942 _cTEXL
_2cc
999 _c1059213
_d1059213